Anvers - Culture générale - Statistiques

Statistiques générales
  • Ce quiz a été pris 559 fois
  • Le résultat moyen est 7 sur 15
Statistiques - réponses
Information Réponse % Correct
Pierre précieuse dont Anvers est connue comme la plaque tournante Diamant
90%
Région belge dont elle la plus grande ville Flandre
86%
Seul port européen plus important que celui d'Anvers Rotterdam
83%
Nom en néerlandais d'Anvers Antwerpen
59%
Nation qui assiégea la ville pendant 13 mois (1584-1585) Espagne
47%
Pays africain dont une importante communauté habite la ville Maroc
47%
Antoine van Dyck peignit pour la cour de ce royaume Angleterre
43%
Fleuve qui irrigue le port d'Anvers Escaut
37%
Saveur pour laquelle les Koffiekoeken sont célèbres Café
34%
La Boerentoren est considérée comme le premier bâtiment de ce type construit en Europe (1931) Gratte-Ciel
31%
« Nous jurons de prendre part aux Jeux olympiques en compétiteurs loyaux... » est prononcée pour la prmière fois aux JO d'Anvers en 1920 {Serment} olympique
31%
Selon la légende, un soldat romain coupa ce membre d'un géant, donnant le nom à la ville d'Anvers ainsi que de célèbres biscuits. Main
29%
Matricule que porte le Royal Antwerp F.C. pour avoir été fondé en 1880 déjà 1
24%
Peintre anversois du XVIIe siècle qui a sa statue sur la Groenplaats Pierre Paul Rubens
21%
Actrice qui joue la Dédée d'Anvers en 1948 Simone Signoret
9%
Aucun quiz correspondant
Distribution des résultats
% des personnes avec chaque résultat
Percentile par nombre de réponses
Votre historique - résultats
Vous n’avez pas pris ce quiz